000 00684cam a2200205 04500
001 6094
090 _a6094
100 _a20211231d1981 m||y0pory5003 ba
200 1 _aNuno e Carolina e o circo infantil
_fhistória de Marie-France Mangin
_gverãao portuguesa de António Manuel Couto Viana
210 9 _aLisboa
_cDifusão Verbo,
_dcop. 1981
215 _a29 p.
_cil.
_d29 cm
606 _914
_aLiteratura infantil
606 _913
_aLiteratura Estrangeira
675 _a82-93
_vBN
_zpor
675 _a821.1/.8
_vBN
_zpor
700 _aMangin
_bMarie-France
_95804
702 _aViana
_bAntónio Manuel Couto
_f1923-2010
_93752
801 0 _aPT
_bBMVN
_gRPC
830 _cAna Caetano
_d31/12/2021
990 _cLIVROS